[Event "Latvian Railway Open 2014"]
[Site "Riga LAT"]
[Date "2014.03.30"]
[Round "11.4"]
[White "Al-Modiahki, Mohamad"]
[Black "Oparin, Grigoriy"]
[Result "1-0"]
[WhiteElo "2549"]
[BlackElo "2526"]
[PlyCount "129"]
[EventDate "2014.03.28"]
[SourceDate "2014.01.04"]

1. e4 c5 2. Nc3 d6 3. f4 g6 4. Nf3 Bg7 5. Bc4 Nc6 6. O-O e6 7. Qe1 Nge7 8. d3
h6 9. Bb3 Nd4 10. Nxd4 cxd4 11. Ne2 O-O 12. Qf2 Nc6 13. Ng3 Ne7 14. Ne2 Nc6 15.
c3 Qb6 16. Kh1 dxc3 17. Be3 cxb2 18. Bxb6 bxa1=Q 19. Rxa1 Bxa1 20. Bc7 Bd7 21.
Bxd6 Rfc8 22. h4 Bg7 23. h5 Kh7 24. Qh4 a5 25. hxg6+ fxg6 26. Ba4 Ra6 27. Bb5
Rb6 28. a4 Re8 29. Bc5 Rxb5 30. axb5 Nb4 31. d4 Bxb5 32. Nc3 Bd3 33. Qh3 Bc2
34. Qf3 Nc6 35. Qe2 Bb3 36. Qb5 a4 37. Qxb7 Na5 38. Qb5 Ra8 39. Nxa4 Bc2 40.
Nb6 Ra7 41. Nc4 Rb7 42. Qxa5 Bxe4 43. Nd6 Rb1+ 44. Kh2 Bd5 45. Qa7 Rb2 46. Ne8
Rb7 47. Qa3 Bh8 48. Nd6 Rb3 49. Qa7+ Bg7 50. Ne8 Rb7 51. Qa6 Bh8 52. Qe2 Rf7
53. Bd6 Ra7 54. Qb5 Rb7 55. Qa4 Bb3 56. Qa6 Rf7 57. Be5 Bd5 58. Nd6 Rc7 59. Qb6
Rd7 60. Qb8 Bxe5 61. dxe5 g5 62. Ne8 Rb7 63. Nf6+ Kg6 64. Qg8+ Rg7 65. Qe8+ 1-0

[Event "Latvian Railway Open 2014"]
[Site "Riga LAT"]
[Date "2014.03.30"]
[Round "11.5"]
[White "Lysyj, Igor"]
[Black "Fedoseev, Vladimir3"]
[Result "0-1"]
[WhiteElo "2655"]
[BlackElo "2641"]
[PlyCount "84"]
[EventDate "2014.03.28"]
[SourceDate "2014.01.04"]

1. d4 Nf6 2. c4 e6 3. Nf3 c5 4. d5 d6 5. Nc3 g6 6. Bf4 e5 7. Bg5 h6 8. Bh4 Bg7
9. Nd2 g5 10. Bg3 Nh5 11. e3 g4 12. Be2 f5 13. e4 Nf4 14. Bxf4 exf4 15. exf5 h5
16. h3 Qh4 17. Nce4 Be5 18. Qb3 f3 19. gxf3 gxh3 20. f4 Qxf4 21. Rxh3 Qxf5 22.
Rh4 Nd7 23. O-O-O Nf6 24. Bd3 Nxe4 25. Nxe4 Kd8 26. Rdh1 Qf3 27. Qd1 Bg4 28.
Qxf3 Bxf3 29. Rg1 Kc7 30. Nd2 Raf8 31. Be4 Bg4 32. f3 Bf6 33. Rhh1 Bd7 34. b3
h4 35. Nf1 h3 36. Ne3 Bd4 37. Kd2 Rh4 38. Ke2 b5 39. Rg6 a6 40. Kd3 Rxe4 41.
fxe4 Rf3 42. Re1 h2 0-1

[Event "Latvian Railway Open 2014"]
[Site "Riga LAT"]
[Date "2014.03.30"]
[Round "12.3"]
[White "Fridman, Daniel"]
[Black "Al-Modiahki, Mohamad"]
[Result "1/2-1/2"]
[WhiteElo "2604"]
[BlackElo "2549"]
[PlyCount "46"]
[EventDate "2014.03.28"]
[SourceDate "2014.01.04"]

1. d4 Nf6 2. c4 e5 3. dxe5 Ng4 4. e3 Nxe5 5. Nh3 g6 6. Be2 Bg7 7. O-O d6 8. Nf4
O-O 9. Nc3 a5 10. Qc2 Na6 11. b3 a4 12. Ba3 Bf5 13. Qd2 axb3 14. axb3 Nc5 15.
Bxc5 Rxa1 16. Rxa1 dxc5 17. Qxd8 Rxd8 18. Ra2 Nxc4 19. bxc4 Bxc3 20. Nd5 Be5
21. Ne7+ Kg7 22. Nxf5+ gxf5 23. g3 Rd6 1/2-1/2

[Event "Latvian Railway Open 2014"]
[Site "Riga LAT"]
[Date "2014.03.30"]
[Round "12.4"]
[White "Fedorov, Alexei"]
[Black "Zhigalko, Sergei"]
[Result "1/2-1/2"]
[WhiteElo "2569"]
[BlackElo "2671"]
[PlyCount "40"]
[EventDate "2014.03.28"]
[SourceDate "2014.01.04"]

1. e4 c5 2. Ne2 d6 3. g3 h5 4. h3 h4 5. g4 e5 6. Bg2 g5 7. c3 Be6 8. d4 f6 9.
Na3 Nd7 10. O-O Ne7 11. d5 Bf7 12. Nc4 Ng6 13. a4 Be7 14. Be3 O-O 15. Nc1 Qc7
16. Re1 Rfc8 17. Bf1 Be8 18. Nb3 b6 19. Nbd2 a6 20. Na3 Nf4 1/2-1/2

[Event "Latvian Railway Open 2014"]
[Site "Riga LAT"]
[Date "2014.03.30"]
[Round "12.5"]
[White "Oparin, Grigoriy"]
[Black "Kovalenko, Igor"]
[Result "1/2-1/2"]
[WhiteElo "2526"]
[BlackElo "2626"]
[PlyCount "87"]
[EventDate "2014.03.28"]
[SourceDate "2014.01.04"]

1. e4 c6 2. d4 d5 3. e5 Bf5 4. Nd2 e6 5. Nb3 Ne7 6. Nf3 h6 7. Be2 Bh7 8. O-O
Nf5 9. Bd2 Be7 10. g4 Nh4 11. Nxh4 Bxh4 12. f4 Nd7 13. f5 Qe7 14. Bd3 O-O-O 15.
Qf3 Kb8 16. a3 h5 17. gxh5 Rdg8 18. Kh1 Bg5 19. Bb4 Qe8 20. Rae1 Be7 21. Bd6+
Kc8 22. Qg4 Bd8 23. Re2 Bc7 24. fxe6 fxe6 25. Bg6 Bxg6 26. hxg6 Bxd6 27. exd6
Rf8 28. Rxf8 Qxf8 29. Kg1 Qxd6 30. Qxe6 Qf4 31. Rf2 Qg5+ 32. Kf1 Rd8 33. Qf5
Qh4 34. c3 b6 35. Nd2 Qh6 36. Qe6 Kc7 37. Nf3 Nf6 38. Ne5 Qc1+ 39. Kg2 Qg5+ 40.
Kf1 Qc1+ 41. Kg2 Qg5+ 42. Kf1 Qc1+ 43. Kg2 Qg5+ 44. Kf1 1/2-1/2

[Event "Latvian Railway Open 2014"]
[Site "Riga LAT"]
[Date "2014.03.30"]
[Round "13.1"]
[White "Al-Modiahki, Mohamad"]
[Black "Ivanchuk, Vassily"]
[Result "0-1"]
[WhiteElo "2549"]
[BlackElo "2753"]
[PlyCount "104"]
[EventDate "2014.03.28"]
[SourceDate "2014.01.04"]

1. e4 c5 2. Nc3 d6 3. f4 g6 4. Nf3 Bg7 5. Bc4 Nc6 6. O-O e6 7. Qe1 Nge7 8. d3
h6 9. Bb3 a6 10. e5 d5 11. Ne2 Na5 12. Bd2 Nec6 13. c3 Nxb3 14. axb3 b6 15. d4
Bf8 16. Be3 a5 17. Qf2 Ba6 18. Rfd1 c4 19. bxc4 Bxc4 20. Nd2 Ba6 21. Qf3 Rc8
22. Bf2 Be7 23. Nf1 h5 24. Ne3 Qd7 25. Kh1 Kf8 26. Ng1 a4 27. c4 Bxc4 28. Nxc4
dxc4 29. d5 Nb4 30. dxe6 Qxe6 31. Rxa4 Nd3 32. Ra6 Qd5 33. Be3 Rd8 34. Qxd5
Rxd5 35. Rb1 b5 36. Ne2 Rd7 37. Nc3 b4 38. Ne4 Kg7 39. Rc6 Ra8 40. h3 Ra2 41.
Rxc4 Rxb2 42. Rxb2 Nxb2 43. Rc2 Nd3 44. Nd2 f6 45. exf6+ Bxf6 46. Nb3 Bc3 47.
Ra2 Re7 48. Bc5 Nxc5 49. Nxc5 Bd4 50. Nb3 Re1+ 51. Kh2 Bg1+ 52. Kg3 Re3+ 0-1

[Event "Latvian Railway Open 2014"]
[Site "Riga LAT"]
[Date "2014.03.30"]
[Round "13.2"]
[White "Navara, David"]
[Black "Malakhov, Vladimir"]
[Result "0-1"]
[WhiteElo "2700"]
[BlackElo "2717"]
[PlyCount "92"]
[EventDate "2014.03.28"]
[SourceDate "2014.01.04"]

1. d4 d5 2. c4 c6 3. Nf3 Nf6 4. Nc3 a6 5. e3 Bf5 6. Ne5 Nbd7 7. Qb3 Qc7 8. cxd5
Nxe5 9. dxe5 Nxd5 10. Nxd5 cxd5 11. Bd2 e6 12. Rc1 Qd7 13. Be2 Be7 14. Ba5 Rc8
15. Rxc8+ Qxc8 16. Kd2 O-O 17. Rc1 Qa8 18. Bb4 Bxb4+ 19. Qxb4 Rc8 20. Rc5 Rxc5
21. Qxc5 Qd8 22. a4 a5 23. g4 Bg6 24. h4 h5 25. g5 b6 26. Qc6 Kh7 27. Bd1 Kg8
28. b3 Kf8 29. Kc3 Kg8 30. f4 Be4 31. Kb2 Bg6 32. Qd6 Qxd6 33. exd6 Kf8 34. Kc3
Ke8 35. f5 Bxf5 36. Bxh5 g6 37. Be2 Kd7 38. h5 gxh5 39. Bxh5 Bg6 40. Bf3 Kxd6
41. Kd4 e5+ 42. Kc3 Kc5 43. Be2 d4+ 44. exd4+ exd4+ 45. Kd2 Kd5 46. Bb5 Ke5 0-1

[Event "Latvian Railway Open 2014"]
[Site "Riga LAT"]
[Date "2014.03.30"]
[Round "13.3"]
[White "Shirov, Alexei"]
[Black "Fridman, Daniel"]
[Result "1/2-1/2"]
[WhiteElo "2713"]
[BlackElo "2604"]
[PlyCount "80"]
[EventDate "2014.03.28"]
[SourceDate "2014.01.04"]

1. d4 d5 2. c4 e6 3. Nc3 c6 4. e3 Nf6 5. Nf3 a6 6. Bd2 Nbd7 7. c5 b6 8. b4 a5
9. b5 Bb7 10. cxb6 c5 11. dxc5 Nxc5 12. Na4 Nfe4 13. Rc1 Nxa4 14. Qxa4 Qxb6 15.
Qd4 Qxd4 16. exd4 Bd6 17. a4 Ke7 18. Bd3 Nxd2 19. Nxd2 Rhc8 20. Ke2 Ba3 21.
Rxc8 Rxc8 22. Nb3 Bb4 23. Rc1 Rxc1 24. Nxc1 h6 25. Bc2 Bd6 26. Nb3 Bc7 27. g3
Kd6 28. f4 Bb6 29. Kd3 Bc8 30. Bd1 Bd7 31. Bh5 g6 32. Bg4 Be8 33. h4 f6 34. Nd2
e5 35. fxe5+ fxe5 36. dxe5+ Kxe5 37. Nf3+ Kd6 38. Nd4 Ke5 39. Nf3+ Kd6 40. Nd4
Ke5 1/2-1/2

[Event "Latvian Railway Open 2014"]
[Site "Riga LAT"]
[Date "2014.03.30"]
[Round "13.4"]
[White "Kovalenko, Igor"]
[Black "Fedorov, Alexei"]
[Result "1-0"]
[WhiteElo "2626"]
[BlackElo "2569"]
[PlyCount "135"]
[EventDate "2014.03.28"]
[SourceDate "2014.01.04"]

1. d4 Nf6 2. Nf3 g6 3. g3 Bg7 4. Bg2 O-O 5. O-O d6 6. Re1 Nbd7 7. e4 e5 8. c3
Re8 9. Nbd2 b6 10. a4 a5 11. Qc2 Bb7 12. d5 c6 13. dxc6 Bxc6 14. b3 d5 15. exd5
Bxd5 16. Bb2 Qc7 17. c4 Bc6 18. Re2 Qb7 19. Rae1 Re7 20. Bh3 Rae8 21. Nd4 Nh5
22. Nxc6 Qxc6 23. Bg2 Qc7 24. Ne4 f5 25. Nc3 Nhf6 26. Nb5 Qb8 27. Bc6 e4 28.
Ba3 Ne5 29. Bxe7 Rxe7 30. Bd5+ Kh8 31. Kg2 Nfd7 32. Nd4 Nc5 33. Rd1 Qf8 34. f3
g5 35. fxe4 f4 36. Rf1 Ned3 37. Nf5 Re5 38. g4 Bf6 39. Rd2 Nb4 40. Qb1 h5 41.
h3 Kh7 42. gxh5 Qe8 43. Qd1 Rxe4 44. h4 Qe5 45. Nd6 Re3 46. Rf3 g4 47. Rxe3
Qxe3 48. Kf1 Nxd5 49. Qxg4 Ne7 50. Re2 Qc1+ 51. Kg2 Qb1 52. Qxf4 Qd3 53. Rxe7+
Bxe7 54. Qf7+ Kh8 55. Qe8+ Kg7 56. Qxe7+ Kg8 57. Qe8+ Kg7 58. Qf7+ Kh8 59. Qf6+
Kh7 60. Qf7+ Kh8 61. Qf6+ Kh7 62. Qg6+ Qxg6+ 63. hxg6+ Kxg6 64. Nc8 Nxb3 65.
Nxb6 Nc5 66. Kf3 Kh5 67. Ke3 Kxh4 68. Kd4 1-0

[Event "Latvian Railway Open 2014"]
[Site "Riga LAT"]
[Date "2014.03.30"]
[Round "13.5"]
[White "Zhigalko, Sergei"]
[Black "Alekseev, Evgeny"]
[Result "1/2-1/2"]
[WhiteElo "2671"]
[BlackElo "2692"]
[PlyCount "68"]
[EventDate "2014.03.28"]
[SourceDate "2014.01.04"]

1. e4 e5 2. Nf3 Nc6 3. Bc4 Bc5 4. O-O Nf6 5. d3 d6 6. c3 O-O 7. Bb3 h6 8. Nbd2
a6 9. Re1 Be6 10. Nf1 Bxb3 11. Qxb3 Qd7 12. Be3 Bxe3 13. Nxe3 Ne7 14. Rad1 Ng6
15. Nf5 Rfe8 16. c4 Rab8 17. Qc3 Ne7 18. N3h4 c5 19. Nxe7+ Rxe7 20. Nf5 Re6 21.
b4 b5 22. Rb1 Rc8 23. Qa3 cxb4 24. Rxb4 bxc4 25. Rxc4 Rxc4 26. dxc4 Qc6 27. Qg3
Ne8 28. Qd3 Nf6 29. h3 Kh7 30. Kh2 g6 31. Ng3 Nd7 32. Qd5 Qb6 33. Re2 Kg7 34.
Qd3 h5 1/2-1/2

[Event "Latvian Railway Open 2014"]
[Site "Riga LAT"]
[Date "2014.03.30"]
[Round "14.2"]
[White "Malakhov, Vladimir"]
[Black "Zhigalko, Sergei"]
[Result "1/2-1/2"]
[WhiteElo "2717"]
[BlackElo "2671"]
[PlyCount "69"]
[EventDate "2014.03.28"]
[SourceDate "2014.01.04"]

1. Nf3 Nf6 2. g3 b5 3. Bg2 Bb7 4. O-O e6 5. b3 Be7 6. c4 b4 7. a3 a5 8. Bb2 O-O
9. d4 d6 10. axb4 axb4 11. Rxa8 Bxa8 12. Nbd2 Nbd7 13. Qc2 c5 14. Ra1 h6 15. e4
cxd4 16. Nxd4 Qb6 17. Nb5 Bc6 18. Bd4 Nc5 19. Ra7 Nfd7 20. Qa2 Bg5 21. Nf3 Bxb5
22. cxb5 Qxb5 23. e5 Qd3 24. h4 Bc1 25. exd6 Ba3 26. Be3 Qxd6 27. Nd4 Nf6 28.
Qe2 Rd8 29. Nc6 Re8 30. Nd4 Nd5 31. Nb5 Qe5 32. Bxd5 exd5 33. Qf3 Nxb3 34.
Qxf7+ Kh7 35. Nxa3 1/2-1/2

[Event "Latvian Railway Open 2014"]
[Site "Riga LAT"]
[Date "2014.03.30"]
[Round "14.3"]
[White "Fridman, Daniel"]
[Black "Fedoseev, Vladimir3"]
[Result "1/2-1/2"]
[WhiteElo "2604"]
[BlackElo "2641"]
[PlyCount "126"]
[EventDate "2014.03.28"]
[SourceDate "2014.01.04"]

1. d4 Nf6 2. c4 e6 3. Nc3 Bb4 4. Qc2 d5 5. cxd5 Qxd5 6. e3 O-O 7. Bd2 Bxc3 8.
Bxc3 b6 9. Be2 Ne4 10. Bf3 f5 11. Nh3 Bb7 12. O-O Nd7 13. Bb4 c5 14. dxc5 Ndxc5
15. Bxc5 Qxc5 16. Qxc5 Nxc5 17. Bxb7 Nxb7 18. Rac1 Nc5 19. Nf4 a5 20. Rfd1 Rfd8
21. h4 Kf7 22. Kf1 Rac8 23. Ke2 h6 24. f3 g5 25. hxg5 hxg5 26. Nd3 Nxd3 27.
Rxc8 Rxc8 28. Rxd3 Kf6 29. Rb3 Rc2+ 30. Kf1 Rc6 31. Ke2 Ke5 32. Rb5+ Kf6 33.
Kd3 Rd6+ 34. Ke2 f4 35. Rb3 Rc6 36. Kd3 Kf5 37. Rb5+ e5 38. Kd2 Rd6+ 39. Ke2
Kf6 40. Rb3 Rc6 41. Kd3 Rd6+ 42. Ke2 Kg6 43. Rb5 Re6 44. Kd3 Kh5 45. Ke4 Kh4
46. Kf5 Re8 47. exf4 exf4 48. Rxb6 Rf8+ 49. Ke4 Re8+ 50. Kf5 Re2 51. Rh6+ Kg3
52. Rg6 Kxg2 53. Kg4 Re5 54. b3 Kf2 55. a3 Rd5 56. b4 axb4 57. axb4 Rb5 58.
Rxg5 Rxg5+ 59. Kxg5 Kxf3 60. b5 Ke3 61. b6 f3 62. b7 f2 63. b8=Q f1=Q 1/2-1/2

[Event "Latvian Railway Open 2014"]
[Site "Riga LAT"]
[Date "2014.03.30"]
[Round "14.4"]
[White "Bologan, Viktor"]
[Black "Shirov, Alexei"]
[Result "1-0"]
[WhiteElo "2649"]
[BlackElo "2713"]
[PlyCount "93"]
[EventDate "2014.03.28"]
[SourceDate "2014.01.04"]

1. e4 c5 2. Nf3 Nc6 3. d4 cxd4 4. Nxd4 e5 5. Nb5 d6 6. N1c3 a6 7. Na3 Be6 8.
Nc4 b5 9. Ne3 Nf6 10. g3 b4 11. Ncd5 Nxe4 12. Bg2 f5 13. O-O Be7 14. c3 bxc3
15. Nxc3 Nd4 16. Nxf5 Bxf5 17. Nxe4 Rc8 18. Be3 Nc2 19. Rc1 Nxe3 20. fxe3 Rxc1
21. Qxc1 O-O 22. Qc6 Bxe4 23. Bxe4 Bg5 24. Qxa6 Bxe3+ 25. Kg2 Rxf1 26. Qxf1 g6
27. Bd5+ Kg7 28. Qf7+ Kh6 29. h4 Qc8 30. Be4 Bd4 31. b4 d5 32. Bxd5 Qc2+ 33.
Kh3 Qf5+ 34. g4 Qxf7 35. Bxf7 g5 36. h5 e4 37. Kg2 Kg7 38. Bd5 e3 39. Kf3 h6
40. Bc4 Kf6 41. Ke4 Bc3 42. b5 Ba5 43. Kd5 Ke7 44. Kc6 Bc3 45. a4 Kd8 46. b6
Kc8 47. Kb5 1-0

[Event "Latvian Railway Open 2014"]
[Site "Riga LAT"]
[Date "2014.03.30"]
[Round "14.5"]
[White "Van Wely, Loek"]
[Black "Kovalev, Vladislav"]
[Result "1/2-1/2"]
[WhiteElo "2684"]
[BlackElo "2548"]
[PlyCount "221"]
[EventDate "2014.03.28"]
[SourceDate "2014.01.04"]

1. d4 Nf6 2. c4 g6 3. Nf3 Bg7 4. g3 O-O 5. Bg2 d5 6. O-O dxc4 7. Na3 c3 8. bxc3
c5 9. Re1 Nc6 10. e4 Bg4 11. Bb2 Qb6 12. Nc4 Qa6 13. Ne3 Bxf3 14. Qxf3 Rfd8 15.
e5 Ne8 16. Qe4 Qa4 17. Red1 e6 18. f4 f5 19. exf6 Nxf6 20. Qxe6+ Kh8 21. Qb3
Qa6 22. Bf1 Qa5 23. d5 c4 24. Nxc4 Qc5+ 25. Kg2 Ng4 26. Rd2 Rxd5 27. Rad1 Rad8
28. Qc2 Na5 29. Ba3 Qc6 30. Kh3 Nxc4 31. Rxd5 Rxd5 32. Bxc4 Rxd1 33. Kxg4 Rd8
34. Qe2 Re8 35. Qd3 Qg2 36. h4 Qc6 37. Bd5 Qd7+ 38. Kf3 b5 39. c4 bxc4 40. Qxc4
Qh3 41. Bc5 Qh1+ 42. Kg4 Qd1+ 43. Kh3 Rd8 44. Bg2 Qd7+ 45. Kh2 Rc8 46. Qb4 Re8
47. Qa5 Re2 48. Qxa7 Qxa7 49. Bxa7 Rxa2 50. Bc5 Rb2 51. Kh3 Bf6 52. Bf3 Kg7 53.
h5 gxh5 54. Bd6 Rd2 55. Bb4 Rb2 56. Bd6 Rb6 57. Bc7 Rb5 58. Bd6 h4 59. gxh4 Rb3
60. Kg4 h5+ 61. Kg3 Kg6 62. Kg2 Bxh4 63. Be4+ Kg7 64. Bf3 Kg6 65. Be4+ Kg7 66.
Bf3 Kh6 67. Bf8+ Kg6 68. f5+ Kxf5 69. Bxh5 Rg3+ 70. Kf1 Re3 71. Bc5 Re5 72. Bf2
Be7 73. Bg3 Ra5 74. Kg2 Ra2+ 75. Kf3 Kg5 76. Bf7 Ra3+ 77. Kg2 Re3 78. Be8 Bc5
79. Bd7 Rd3 80. Bc8 Ba7 81. Be6 Be3 82. Bc8 Bf4 83. Bxf4+ Kxf4 84. Bb7 Rd2+ 85.
Kf1 Ke3 86. Bc6 Rf2+ 87. Kg1 Rf6 88. Bb7 Rf8 89. Bc6 Ke2 90. Bb5+ Kf3 91. Kf1
Ke3+ 92. Kg2 Rg8+ 93. Kh3 Kf4 94. Bc6 Rg3+ 95. Kh2 Rc3 96. Bb7 Kg4 97. Kg1 Kg3
98. Kf1 Re3 99. Bc6 Re7 100. Bd5 Kf4 101. Bc6 Ke3 102. Kg2 Rc7 103. Bd5 Rc5
104. Bb7 Rg5+ 105. Kh3 Kf4 106. Kh2 Rg3 107. Bc6 Kg4 108. Bb7 Kh4 109. Bc6 Kg4
110. Bb7 Rc3 111. Kg1 1/2-1/2